| 000 | 00621nam a2200193 a 4500 | ||
|---|---|---|---|
| 005 | 20241130063757.0 | ||
| 008 | 030624s1984 mx r 000 0 spa d | ||
| 035 | _aUPN01000126645 | ||
| 049 | _aSEP | ||
| 050 | 4 |
_aHN5 _bC23 no.101 |
|
| 100 | 1 |
_aAlonso Sánchez, Jorge _928708 |
|
| 245 | 1 | 0 |
_aCrepitar de banderas rojas : _bcampaña y elecciones socialistas / _cJorge Alonso. |
| 260 |
_aMéxico : _bSEP : _bCIESAS, _c1984. |
||
| 300 | _a190 p. | ||
| 440 | 0 |
_aCuadernos de la casa chata ; _v101 |
|
| 651 | 4 |
_aMEXICO - _xCONDICIONES SOCIALES - _vCOLECCIONES |
|
| 650 | 2 |
_aPartidos políticos _zMéxico _99992 |
|
| 905 | _aLibro | ||
| 999 |
_c98824 _d98824 |
||